| 000 | 00676nam a2200217 i 4500 | ||
|---|---|---|---|
| 001 | 18682 | ||
| 003 | ES-MaACL | ||
| 005 | 20230906151910.0 | ||
| 007 | t| | ||
| 008 | 020228s1998 sp f ||||0| spa j | ||
| 020 | _a84-03-59385-6 | ||
| 080 | _a959.9"1896/98" | ||
| 080 | _a946.0"1898" | ||
| 100 | 1 |
_aLeguineche, Manuel. _971316 |
|
| 245 | 1 | 0 |
_aYo te diré-- _b: la verdadera historia de los últimos de Filipinas (1898-1998) / _cManuel Leguineche. |
| 250 | _a3ª ed. | ||
| 260 |
_aMadrid : _bEl Pais/Aguilar, _c1998. |
||
| 300 |
_a483 p., [16] p. de lám ; _c24 cm. |
||
| 651 | 4 |
_aFilipinas- _xHistoria- _y1896-1898, Insurrección. _9155351 |
|
| 852 |
_aES-MaACL _jG-4666 |
||
| 999 |
_c18682 _d18682 |
||